000 00524nam a22001697a 4500
005 20231115081356.0
008 231115b |||||||| |||| 00| 0 eng d
020 _a0702128473
041 _aEnglish
082 _a344.4 ENV
100 _lEnglish
245 _aEnvironmental Management in South Africa /
_cedited by RF Fuggle and MA Rabie
260 _aCape Town :
_bJuta and Company Ltd,
_c1992
300 _bxlii, 823 pages ;
_c26 cm.
650 _aLegal practice
_bLaw
942 _cBK
_6ALISON_BN_VRIES
999 _c654
_d654